[Event "SWZ-ch int"]
[Site "?"]
[Date "1992.??.??"]
[Round "6"]
[White "Horvath, Jozsef"]
[Black "Fauland, Alexander"]
[Result "1/2-1/2"]
[WhiteElo "2505"]
[BlackElo "2425"]

1.d4 g6 2.e4 Bg7 3.Nc3 c6 4.Nf3 d5 5.h3 Nf6 6.Bd3 O-O 7.O-O dxe4 8.Nxe4 Nbd7
9.Nxf6+ Nxf6 10.Re1 Qd6 11.c3 Be6 12.Bg5 b5 13.Qd2 Nd5 14.Bh6 f6 15.Bxg7 Kxg7
16.Bf1 Bf7 17.g3 Rfe8 18.Bg2 Nb6 19.Qc2 Rad8 20.Rad1 Bd5 21.h4 h5 22.Rd2 a5
23.Rde2 c5 24.dxc5 Qxc5 25.Nd4 e5 26.Nb3 Bxb3 27.axb3 Re7 28.Rd1 Rxd1+ 29.Qxd1 b4
30.cxb4 axb4 31.Rc2 Rd7 32.Rxc5 Rxd1+ 33.Kh2 Rd4 34.Rc7+ Kf8 35.Rc6 Nd7 36.Bh3 Ke7
37.Bxd7 Rxd7 38.Rb6 Rd4 39.Kg2 Kf7 40.Kf1 g5 41.hxg5 fxg5 42.Kg2 h4 43.Kh3 hxg3
44.Kxg3 Ke7 45.Kg2 g4  1/2-1/2

[Event "Warsaw op"]
[Site "Warsaw"]
[Date "1992.??.??"]
[Round "7"]
[White "Sulskis, Sarunas"]
[Black "Maciejewski, Andrzej"]
[Result "0-1"]
[WhiteElo "2350"]
[BlackElo "2350"]

1.e4 g6 2.d4 c6 3.Nc3 Bg7 4.Nf3 d6 5.Bc4 Nf6 6.e5 dxe5 7.Nxe5 O-O 8.O-O Nfd7
9.Qe2 Nxe5 10.dxe5 b5 11.Bd3 b4 12.Ne4 Bxe5 13.Bh6 Bxb2 14.Rab1 Bg7 15.Bxg7 Kxg7
16.Rxb4 a5 17.Rbb1 Nd7 18.Qe3 Nf6 19.Qc5 Be6 20.Rfe1 Bxa2 21.Rb7 Nxe4 22.Bxe4 Qd6
23.Qb6 Be6 24.Bxc6 a4  0-1

[Event "Wiesbaden op"]
[Site "Wiesbaden"]
[Date "1992.??.??"]
[Round "?"]
[White "Friedrich, Norbert"]
[Black "Shirazi, Kamran G"]
[Result "1-0"]
[WhiteElo "2310"]
[BlackElo "2435"]

1.e4 g6 2.d4 c6 3.Nc3 Bg7 4.Nf3 d5 5.h3 Nf6 6.Bd3 dxe4 7.Nxe4 Nxe4 8.Bxe4 O-O
9.O-O Nd7 10.Bg5 Re8 11.Re1 Qc7 12.c3 c5 13.Qd2 cxd4 14.cxd4 Nf6 15.Bd3 Be6
16.Rac1 Qb6 17.Rc5 a6 18.b4 Nd5 19.Bc4 Rad8 20.a3 Rd6 21.Bh4 Rd7 22.Bg3 f6
23.Rxe6 Qxe6 24.Qa2 Red8 25.Bc7 Rc8 26.Rxd5 Kf8 27.Rc5 Qe4 28.Be6 Rdxc7 29.Bxc8 Rxc5
30.bxc5 Bh6 31.Qb2 Bf4 32.Bxb7 Qd3 33.g3 Bc7 34.Kg2 h5 35.Bd5  1-0

[Event "Wisla BES op"]
[Site "Wisla"]
[Date "1992.??.??"]
[Round "8"]
[White "Nikolenko, Oleg"]
[Black "Maciejewski, Andrzej"]
[Result "1-0"]
[WhiteElo "2465"]
[BlackElo "2350"]

1.e4 g6 2.d4 c6 3.Nc3 Bg7 4.Bc4 b5 5.Bb3 b4 6.Nce2 d5 7.exd5 cxd5 8.Bd2 a5
9.a3 bxa3 10.Rxa3 e6 11.Ba4+ Bd7 12.Bxd7+ Qxd7 13.Rxa5 Rxa5 14.Bxa5 Nc6 15.Bc3 Nf6
16.Nf3 Ne4 17.Bd2 O-O 18.O-O Qa7 19.c3 Rb8 20.Bc1 Na5 21.Ne1 Nb3 22.Bf4 Rb5
23.Nd3 g5 24.Be3 h6 25.Ng3 f5 26.Nb4 Na5 27.Nxe4 dxe4 28.d5 Qd7 29.dxe6 Qxe6
30.Qd8+ Kh7 31.Bd4 Bxd4 32.Qxd4 Nb3 33.Qa7+ Kg6 34.Rd1 Ra5 35.Qc7 f4 36.Nc2 Rd5
37.Rxd5 Qxd5 38.Qb6+ Kh5 39.Nd4 Nxd4 40.Qxd4 Qb3 41.Qd2 Qa4 42.Qc1 Qd7 43.h3 Qd3
44.c4 e3 45.fxe3 fxe3 46.Qf1 e2 47.Qf7+ Kh4 48.Qf2+ Kh5 49.g4+  1-0

[Event "Oberliga Wuert9192"]
[Site "Wuerttemberg"]
[Date "1992.??.??"]
[Round "?"]
[White "Martincevic, Ninoslav"]
[Black "Gerstenberger, Heinz"]
[Result "0-1"]
[WhiteElo "2245"]
[BlackElo "2215"]

1.e4 g6 2.d4 Bg7 3.Nc3 c6 4.Bc4 d6 5.Qe2 Nf6 6.e5 dxe5 7.dxe5 Nd5 8.Bd2 O-O
9.O-O-O Be6 10.Ne4 Qc7 11.f4 b5 12.Bb3 a5 13.a4 bxa4 14.Bxa4 Nb6 15.Nc5 Nxa4
16.Nxa4 Na6 17.Nf3 c5 18.Ng5 Bd7 19.Nc3 Bc6 20.h4 Qb7 21.Qc4 Rab8 22.b3 a4
23.Nxa4 Bd5 24.Qc3 Nb4 25.Kb2 Rfc8 26.Rh3 h6 27.Nxc5 Qa7 28.Ra1 Qxc5 29.Qxc5 Rxc5
30.c3 hxg5 31.cxb4 Rc7 32.hxg5 Bxg2 33.Rh2 Be4 34.Bc3 e6 35.Re1 Bd5 36.Re3 Rbc8
37.Bd4 Rc1 38.Bc5 Rf1 39.Rh4 Rf3 40.Re2 Rxb3+  0-1

[Event "Zalakaros op"]
[Site "Zalakaros"]
[Date "1992.??.??"]
[Round "8"]
[White "Lendvai, Noemi"]
[Black "Puschmann, Laszlo"]
[Result "1/2-1/2"]
[WhiteElo "2175"]
[BlackElo "2370"]

1.e4 g6 2.d4 Bg7 3.Nc3 c6 4.Nf3 d6 5.Be2 Nf6 6.O-O O-O 7.Re1 Ne8 8.Bf4 b5
9.a3 a6 10.Qd2 Nd7 11.Rad1 Nb6 12.b3 Bb7 13.Bh6 e6 14.Bf1 Qe7 15.e5 d5 16.Ra1 a5
17.Ne2 f5 18.exf6 Qxf6 19.Bg5 Qf7 20.Ng3 Nd7 21.Rad1 Nc7 22.h4 c5 23.c3 b4
24.axb4 axb4 25.Rc1 bxc3 26.Rxc3 Ba6 27.Bxa6 Rxa6 28.Rc2 Ra3 29.Rb1 Rb8 30.Bf4 e5
31.dxe5 Ne6 32.Ng5 Nxg5 33.e6 Nxe6 34.Bxb8 Nxb8 35.Qxd5 Nd7 36.Re1 Nd4 37.Rxc5 Nxc5
38.Re8+ Bf8 39.Rxf8+ Kxf8 40.Qxc5+ Qe7 41.Qxd4 Kg8 42.h5 Rxb3 43.Qd5+ Qf7
44.Qd8+ Kg7 45.Qd4+ Kg8 46.Qd8+  1/2-1/2

[Event "Zuerich op"]
[Site "Zuerich"]
[Date "1992.??.??"]
[Round "?"]
[White "Franzoni, Giancarlo"]
[Black "Gavrikov, Viktor"]
[Result "1/2-1/2"]
[WhiteElo "2440"]
[BlackElo "2555"]

1.e4 g6 2.d4 Bg7 3.Nc3 c6 4.Nf3 d6 5.Be2 Nf6 6.O-O O-O 7.a4 Nbd7 8.h3 e5
9.dxe5 dxe5 10.Be3 Qe7 11.Qd3 Nh5 12.Rfd1 Nf4 13.Qd6 Nxe2+ 14.Nxe2 Qxd6 15.Rxd6 Nf6
16.Nc3  1/2-1/2

[Event "Aarhus-C"]
[Site "Aarhus"]
[Date "1993.??.??"]
[Round "1"]
[White "Pedersen, Daniel Vesterbaek"]
[Black "Rewitz, Poul"]
[Result "0-1"]
[WhiteElo "2085"]
[BlackElo "2250"]

1.e4 g6 2.d4 Bg7 3.Nc3 c6 4.Be3 d5 5.f3 e6 6.Qd2 Nf6 7.O-O-O a5 8.Bh6 Bxh6
9.Qxh6 b5 10.exd5 b4 11.Ne4 Nxe4 12.fxe4 cxd5 13.Nf3 a4 14.Ne5 b3 15.a3 Ba6
16.c3 dxe4 17.Bxa6 Rxa6 18.Rhf1 Ra7 19.Rf4 f5 20.Nxg6 Qf6 21.Rh4 Rg8 22.Nf4 Qxh6
23.Rxh6 Re7 24.g3 Kd7 25.d5 e5 26.d6 Rf7 27.Ne6 Rg6 28.Nc5+ Kc6 29.Rxg6 hxg6
30.Nxa4 Kb5 31.c4+ Kxa4 32.Rd5 f4 33.Rb5 f3 34.Rxb8  0-1

[Event "Aarhus"]
[Site "Aarhus"]
[Date "1993.??.??"]
[Round "2"]
[White "Hector, Jonny"]
[Black "Petursson, Margeir"]
[Result "0-1"]
[WhiteElo "2470"]
[BlackElo "2560"]

1.e4 g6 2.d4 Bg7 3.Nc3 c6 4.f4 d5 5.e5 h5 6.Be3 Nh6 7.Nge2 Bg4 8.Qd2 Nd7
9.Nc1 h4 10.h3 Bh5 11.Bd3 e6 12.O-O Bf8 13.Nb3 Be7 14.a4 b6 15.Na2 Nf5 16.Bxf5 gxf5
17.Rac1 Rc8 18.c4 O-O 19.Rc2 dxc4 20.Rxc4 a5 21.Rfc1 Nb8 22.Qf2 Qd5 23.Nd2 Na6
24.Nc3 Qd8 25.d5 exd5 26.Bxb6 Qd7 27.Rd4 Rb8 28.Bxa5 Rxb2 29.Kh2 Nc5 30.Nd1 Ra2
31.Nc3 Rxd2 32.Rxd2 Nb3 33.g4 Bg6 34.Ne2 Nxa5 35.gxf5 Qxf5 36.Nd4 Qh5 37.f5 c5
38.fxg6 fxg6 39.Qg2 cxd4 40.Qxd5+ Kh8 41.Qxa5 Bg5 42.Re1 Bf4+ 43.Kg1 Qf3
44.Rg2 Qxh3 45.Qc5 Be3+ 46.Rxe3 Qxe3+ 47.Kh2 Rb8 48.Qc2 Qxe5+ 49.Kh3 g5 50.Qg6 Rb3+
51.Kg4 Rg3+ 52.Rxg3 Qf4+ 53.Kh5 hxg3 54.Qh6+ Kg8 55.Qg6+ Kf8 56.Qc6 d3 57.Qc8+ Ke7
58.Qc5+ Kf7 59.Qa7+ Kf6 60.Qb6+ Ke5 61.Qb5+ Ke4 62.a5 Qf3+ 63.Kxg5 d2  0-1

[Event "DEN-chJ"]
[Site "Aarhus"]
[Date "1993.??.??"]
[Round "3"]
[White "Pedersen, Nicolai Vesterbaek"]
[Black "Lindfeldt, Jan Magnus"]
[Result "1-0"]
[WhiteElo "2175"]
[BlackElo "2110"]

1.e4 g6 2.d4 Bg7 3.Nc3 c6 4.f4 d5 5.e5 h5 6.Nf3 Bg4 7.Be3 e6 8.Bf2 Nh6 9.Be2 Nf5
10.g3 Nd7 11.h3 Bxf3 12.Bxf3 Bf8 13.Qd3 Rc8 14.g4 Nh4 15.O-O-O Nxf3 16.Qxf3 Nb6
17.b3 Nd7 18.Kb1 Qa5 19.f5 c5 20.fxe6 fxe6 21.Nxd5 exd5 22.e6 Rh7 23.exd7+ Rxd7
24.Rhe1+ Kd8 25.Qxf8+  1-0

[Event "Aarhus op2"]
[Site "Aarhus"]
[Date "1993.??.??"]
[Round "5"]
[White "Hansen, Lars"]
[Black "Rewitz, Poul"]
[Result "1-0"]
[WhiteElo "2275"]
[BlackElo "2255"]

1.e4 g6 2.d4 Bg7 3.Nc3 c6 4.Nf3 d5 5.h3 Nf6 6.Bd3 dxe4 7.Nxe4 Bf5 8.Nxf6+ Bxf6
9.Bxf5 Qa5+ 10.c3 Qxf5 11.O-O O-O 12.Re1 Nd7 13.Nh2 h5 14.Nf1 Rfe8 15.Re3 Rad8
16.Qe2 c5 17.Ng3 Qd5 18.c4 Qxd4 19.Nf5 gxf5 20.Rg3+ Bg7 21.Bh6 Nf8 22.Bxg7 Qxg7
23.Rxg7+ Kxg7 24.Qe5+ Kg6 25.Re1 Ne6 26.Qg3+ Kh6 27.Re5 Ng7 28.Qe3+ Kg6 29.Rxe7 Ne6
30.Rxb7 h4 31.Kh2 Rd4 32.Rxa7 Rxc4 33.Ra6 Rd4 34.Qe5 Re7 35.Qxc5 Red7 36.Qf8 Rd1
37.Qg8+ Kf6 38.Qh7 Kg5 39.f4+ Kxf4 40.Qxh4+ Ke5 41.Ra5+ R1d5 42.Qh8+ Ke4
43.Rxd5 Rxd5  1-0

[Event "Aegina op"]
[Site "Aegina"]
[Date "1993.??.??"]
[Round "9"]
[White "Luther, Thomas"]
[Black "Skalkotas, Nikolaos"]
[Result "1-0"]
[WhiteElo "2465"]
[BlackElo "2330"]

1.e4 g6 2.d4 Bg7 3.Nc3 c6 4.f4 d5 5.e5 h5 6.Be3 Nh6 7.Nf3 Bg4 8.h3 Bxf3 9.Qxf3 h4
10.Bd3 e6 11.O-O Nf5 12.Bf2 Nd7 13.Ne2 Bf8 14.b3 Ba3 15.Rab1 Qa5 16.c4 b5
17.c5 b4 18.Kh2 Qc7 19.Ng1 O-O-O 20.Qe2 Rh6 21.Nf3 Rdh8 22.Kg1 Kb8 23.Ne1 Ka8
24.Nc2 Qa5 25.Nxa3 Qxa3 26.Qb2 Qxb2 27.Rxb2 Kb7 28.Ra1 Ng7 29.a3 bxa3 30.Rxa3 Nh5
31.Be3 Ra8 32.f5 Rhh8 33.fxe6 fxe6 34.Bxg6 Ng3 35.b4 Nf8 36.Bd3 Nf5 37.Bf2 Ng6
38.b5 Nf4 39.Bf1 cxb5 40.Rxb5+ Kc7 41.Rba5 Rhb8 42.Rf3 Nh5 43.Ra6 Kd7 44.Bd3 Nhg7
45.Bxh4  1-0

[Event "AUT-ch"]
[Site "?"]
[Date "1993.??.??"]
[Round "14"]
[White "Neulinger, Manfred"]
[Black "Casagrande, Harald"]
[Result "0-1"]
[WhiteElo "2290"]
[BlackElo "2395"]

1.e4 g6 2.d4 Bg7 3.Nc3 c6 4.Nf3 d5 5.h3 dxe4 6.Nxe4 Nd7 7.Bd3 Ngf6 8.O-O Nxe4
9.Bxe4 O-O 10.Bf4 c5 11.c3 cxd4 12.cxd4 Nf6 13.Bd3 Be6 14.Be5 Qb6 15.Qe2 Bd5
16.Rfc1 Rac8 17.b3 e6 18.Nd2 Nd7 19.Bxg7 Kxg7 20.Qe3 Rfd8 21.Nc4 Bxc4 22.bxc4 Nf6
23.c5 Qb2 24.Be4 Nxe4 25.Qxe4 Qxd4 26.Qxb7 Rxc5 27.Qe7 Rf5 28.Rf1 Rd7 29.Rad1 Qxd1
30.Rxd1 Rxe7  0-1

[Event "AUT-chT"]
[Site "?"]
[Date "1993.??.??"]
[Round "?"]
[White "Wach, Markus"]
[Black "Fauland, Alexander"]
[Result "0-1"]
[WhiteElo "2330"]
[BlackElo "2420"]

1.e4 g6 2.d4 Bg7 3.Nc3 c6 4.Nf3 d5 5.h3 Nf6 6.exd5 cxd5 7.Bf4 O-O 8.Nb5 Nc6
9.Bc7 Qd7 10.Bh2 a6 11.Na3 b5 12.Ne5 Nxe5 13.Bxe5 b4 14.Nb1 Qc6 15.Bd3 Re8
16.O-O Bf8 17.a3 bxa3 18.Rxa3 Nd7 19.Bf4 Qb6 20.c3 e5 21.Rb3 Qe6 22.Re1 e4
23.Nd2 Nf6 24.Bf1 Bd7 25.Qa1 a5 26.Rb7 Bc6 27.Rb6 Qc8 28.Bb5 Bxb5 29.Rxb5 a4
30.Qd1 Qc6 31.Qe2 Nh5 32.Bh2 a3 33.bxa3 Rxa3 34.Nb1 Ra1 35.Qb2 Rea8 36.g4 R8a2
37.Qb3 Qf6 38.Rf1 Nf4 39.Bxf4 Qxf4 40.Rb8 Kg7 41.Rxf8 Kxf8 42.Qxd5 Rb2  0-1

[Event "Balatonbereny op"]
[Site "Balatonbereny"]
[Date "1993.??.??"]
[Round "1"]
[White "Zoister, Stefan"]
[Black "Lakos, Nikoletta"]
[Result "1/2-1/2"]
[WhiteElo "2070"]
[BlackElo "2230"]

1.e4 c6 2.d4 g6 3.Nc3 Bg7 4.f4 d5 5.e5 h5 6.Nf3 Nh6 7.Be3 Bf5 8.Qd2 e6 9.Bf2 Nd7
10.h3 Bf8 11.Be2 Be7 12.O-O-O Kf8 13.Rdg1 Kg7 14.Ng5 f6 15.exf6+ Nxf6 16.Bd3 Qd7
17.Re1 Rhe8 18.Nf3 b5 19.Ne5 Qc7 20.Qe3 Nf7 21.g4 hxg4 22.Rhg1 b4 23.Nd1 Nxe5
24.dxe5 Ne4 25.hxg4 Bc5 26.Qf3 Nxf2 27.Bxf5 Nxd1 28.Rxd1 Bxg1 29.Rxg1 Rf8
30.Bxg6 Qxe5 31.f5 d4 32.Qg3 Qxg3 33.Rxg3 Rad8 34.Kd2 exf5 35.Bxf5 Kf6 36.Kd3 Ke5
37.Kc4 a5 38.a4 Rfe8 39.Rh3 Rh8 40.Rxh8 Rxh8 41.b3 Kd6 42.Kxd4 Re8 43.Kc4 Re5
44.Bd3 Rd5 45.Be4 Re5 46.Bf5 Rd5 47.Be4  1/2-1/2

[Event "JUG-chT (Women)"]
[Site "Becici"]
[Date "1993.??.??"]
[Round "?"]
[White "Todorovic, Olivera"]
[Black "Petrovic, Marija"]
[Result "1-0"]
[WhiteElo "2090"]
[BlackElo "2220"]

1.e4 g6 2.d4 Bg7 3.Nc3 c6 4.Bc4 d6 5.Bg5 Qa5 6.Be3 Nf6 7.Qd2 O-O 8.h3 Nbd7
9.f4 d5 10.exd5 cxd5 11.Nxd5 Qxd2+ 12.Kxd2 Nxd5 13.Bxd5 Nf6 14.Bf3 Bf5 15.g4 Be4
16.c3 Rfd8 17.Re1 e6 18.Bxe4 Nxe4+ 19.Kc2 b5 20.Nf3 Nf6 21.Ne5 Rac8 22.f5 exf5
23.gxf5 Nd5 24.fxg6 hxg6 25.Bd2 b4 26.Kd3 bxc3 27.bxc3 Nb6 28.Rhf1 Rc7 29.Ng4 Rdc8
30.Rc1 f5 31.Ne3 Bh6 32.Nd1 Bxd2 33.Kxd2 Nc4+ 34.Kd3 Re8 35.Rb1 Kh7 36.Rb4 Nb6
37.c4 Rce7 38.a4 Nd7 39.a5 Kh6 40.Rf3 Nf6 41.Nc3 Ne4 42.Nd5 Rd7 43.Rb1 Re6
44.Nf4 Ra6 45.Rb5 Nd6 46.Re5 Nf7 47.Rc5 Rb7 48.Kc2 Re7 49.d5 Re4 50.Ne6 Ne5
51.Rf4 Re2+ 52.Kd1 Ra2 53.Rh4+  1-0

[Event "Berlin"]
[Site "Berlin"]
[Date "1993.??.??"]
[Round "1"]
[White "Fedorov, Vladislav"]
[Black "Federau, Juergen"]
[Result "1/2-1/2"]
[WhiteElo "2440"]
[BlackElo "2305"]

1.e4 g6 2.d4 Bg7 3.Nc3 c6 4.Nf3 d6 5.Be3 Nd7 6.Qd2 b5 7.a3 a6 8.Be2 Nb6 9.b3 Bd7
10.O-O Qc7 11.Rad1 Nf6 12.e5 Nfd5 13.Nxd5 Nxd5 14.Bg5 f6 15.exf6 exf6 16.Bh6 O-O
17.Bxg7 Kxg7 18.c4 Ne7 19.Rfe1 Rfe8 20.h4 h5 21.Qf4 Bg4 22.Nd2 Bxe2 23.Rxe2 Nd5
24.Rxe8 Nxf4 25.Rxa8 Ne2+ 26.Kh2 Qb7 27.Re8 Nxd4 28.Rde1 Nf5 29.Ne4 Qd7 30.Rg8+ Kf7
31.Rb8 Qc7 32.Ra8 Qb7 33.Rh8 Kg7 34.Re8 Qd7 35.Rg8+ Kf7 36.Rb8 Qc7  1/2-1/2

[Event "Biel op"]
[Site "Biel"]
[Date "1993.??.??"]
[Round "4"]
[White "Moiseev, Viktor"]
[Black "Telljohann, Sven"]
[Result "1-0"]
[WhiteElo "2450"]
[BlackElo "2370"]

1.e4 g6 2.d4 Bg7 3.Nc3 c6 4.f4 d5 5.e5 h5 6.Nf3 Bg4 7.Be3 Nh6 8.h3 Nf5 9.Bf2 Bxf3
10.Qxf3 h4 11.Bd3 e6 12.O-O Bf8 13.Ne2 Be7 14.b3 Kf8 15.c4 Kg7 16.Kh2 Na6
17.a3 Qd7 18.Rfc1 Nc7 19.c5 Rab8 20.b4 b5 21.cxb6 axb6 22.Bxf5 gxf5 23.g4 hxg3+
24.Qxg3+ Kf8 25.Qc3 Ke8 26.Qxc6 Qxc6 27.Rxc6 Kd7 28.Rcc1 Ra8 29.Nc3 Rhc8
30.Be1 Ne8 31.Nb5 Rc4 32.Rxc4 dxc4 33.a4 Kc6 34.Kg2 Kd5 35.Kf3 c3 36.Nxc3+ Kxd4
37.Ne2+ Kc4 38.Rc1+ Kb3 39.a5 bxa5 40.bxa5 Bd8 41.Nd4+ Kb2 42.Rc2+ Kb1 43.Bc3  1-0

[Event "Biel op"]
[Site "Biel"]
[Date "1993.??.??"]
[Round "10"]
[White "Antonio, Rogelio Jr"]
[Black "Tseitlin, Mark D"]
[Result "1-0"]
[WhiteElo "2500"]
[BlackElo "2430"]

1.e4 g6 2.d4 Bg7 3.Nc3 c6 4.Nf3 d5 5.h3 Nh6 6.g4 f6 7.Bd3 Nf7 8.Qe2 e5 9.Be3 O-O
10.O-O-O Qa5 11.Nd2 Qd8 12.Nb3 a5 13.a4 Na6 14.dxe5 Nxe5 15.Bxa6 bxa6 16.exd5 cxd5
17.Bc5 Bb7 18.Bxf8 Qxf8 19.Rhe1 Rc8 20.f4 Rxc3 21.fxe5 Rxb3 22.cxb3 fxe5
23.Kb1 e4 24.Ka2 Qf6 25.Qc2 Qe5 26.g5 d4 27.Qc4+ Kh8 28.Re2 Bd5 29.Qxa6 Qb8
30.Qb5 Qxb5 31.axb5 a4 32.Ka3 d3 33.Rxd3 Bf8+ 34.Kxa4 exd3 35.Re3 d2 36.Rd3 Be4
37.Rxd2 Bc5 38.Ka5 Kg8 39.b4 Bg1 40.b6 Kf8 41.Rd7  1-0

[Event "Wch U18"]
[Site "Bratislava"]
[Date "1993.??.??"]
[Round "4"]
[White "Vouldis, Angelos"]
[Black "Finkel, Alexander"]
[Result "0-1"]
[WhiteElo "2280"]
[BlackElo "2295"]

1.e4 g6 2.d4 Bg7 3.Nc3 c6 4.Nf3 d6 5.Bc4 Nf6 6.Qe2 O-O 7.e5 dxe5 8.dxe5 Nd5
9.h3 Nxc3 10.bxc3 Nd7 11.O-O Nb6 12.Bd3 Qc7 13.Re1 c5 14.c4 Bd7 15.Rb1 Na4
16.Rb3 Bc6 17.Ng5 e6 18.h4 Rad8 19.h5 Rd4 20.Nxh7 Rxd3 21.Nxf8 Rd4 22.Bg5 Bxf8
23.Bf6 Bg7 24.Rh3 Bxf6 25.exf6 g5 26.Re3 Qd8 27.Rxe6 fxe6 28.Qxe6+ Kf8 29.h6 Rh4
30.f7 Nc3 31.Qg6 Ne2+ 32.Kf1 Bxg2+  0-1

[Event "Bratislava Slovan op"]
[Site "Bratislava"]
[Date "1993.??.??"]
[Round "4"]
[White "Kolcak, Marek"]
[Black "Petrik, Karol"]
[Result "1-0"]
[WhiteElo "2285"]
[BlackElo "2265"]

1.e4 c6 2.d4 g6 3.Nc3 Bg7 4.f4 d5 5.e5 h5 6.Nf3 Bg4 7.h3 Bxf3 8.Qxf3 e6 9.Be3 h4
10.Bd3 Nh6 11.Ne2 Bf8 12.g4 hxg3 13.Nxg3 Be7 14.Bf2 Bh4 15.Ke2 Nd7 16.Rag1 Nf8
17.Be1 Nf5 18.c3 Qb6 19.b3 Qa5 20.Bb1 Bxg3 21.Bxg3 Rc8 22.Bf2 Nd7 23.h4 c5
24.h5 gxh5 25.Rxh5 Rxh5 26.Qxh5 Qxc3 27.Rg8+ Nf8 28.Bxf5 exf5 29.Qh6  1-0

[Event "Bratislava op"]
[Site "Bratislava"]
[Date "1993.??.??"]
[Round "5"]
[White "Novak, Ivan"]
[Black "Petrik, Karol"]
[Result "1/2-1/2"]
[WhiteElo "2280"]
[BlackElo "2265"]

1.e4 c6 2.d4 g6 3.Nc3 Bg7 4.Nf3 d5 5.h3 Nf6 6.e5 Ne4 7.Nxe4 dxe4 8.Ng5 c5
9.Bc4 O-O 10.Nxe4 cxd4 11.f4 Qb6 12.O-O d3+ 13.Rf2 dxc2 14.Qxc2 Nc6 15.Qc3 Qd4
16.Qxd4 Nxd4 17.Be3 Nf5 18.Bd2 Rd8 19.Ng5 e6 20.g4 Nd4 21.Bc3 b5 22.Bf1 Bb7
23.Bg2 Bxg2 24.Kxg2 Nc6 25.Rc1 Ne7 26.Ba5 Rd7 27.Rd2 Rxd2+ 28.Bxd2 Nd5 29.Ne4 Bf8
30.Nf6+ Nxf6 31.exf6 a5 32.Be3 a4 33.Kf3 h6 34.Rc7 Rb8 35.Ke2 b4 36.b3 axb3
37.axb3 Rd8 38.Rc4 Bd6 39.Rc6 g5 40.fxg5 hxg5 41.Bxg5 Be5 42.Bd2 Bxf6 43.Bxb4 Rb8
44.Rc4 Kg7 45.Kd3 Rh8 46.Bd2 Rxh3+ 47.Kc2 Rh2 48.Kd3 Rh3+ 49.Kc2 Kg6 50.b4 Bg5
51.Bxg5 Kxg5 52.b5 f5 53.b6 Rh8 54.gxf5 Kxf5 55.Kc3 e5 56.Rc5 Kf4 57.b7 Rb8
58.Rc7 Ke3 59.Kc4 e4 60.Rh7 Kf2  1/2-1/2

[Event "Wch U18 Girls"]
[Site "Bratislava"]
[Date "1993.??.??"]
[Round "9"]
[White "Skripchenko, Almira"]
[Black "Segal, Anna"]
[Result "1-0"]
[WhiteElo "2190"]
[BlackElo "2180"]

1.e4 g6 2.d4 Bg7 3.Nc3 c6 4.f4 d5 5.e5 h5 6.Nf3 Nh6 7.Be3 Bg4 8.h3 Nf5 9.Bf2 Bxf3
10.Qxf3 e6 11.Bd3 h4 12.O-O Nd7 13.Ne2 Bf8 14.b3 Qa5 15.c4 O-O-O 16.c5 Be7
17.Rab1 Nb8 18.b4 Qc7 19.Rb2 Rd7 20.Rfb1 Bf8 21.Nc3 Ne7 22.b5 Kd8 23.b6 axb6
24.Rxb6 Qc8 25.Qg4 Nf5 26.Bxf5 exf5 27.Bxh4+ Ke8 28.Qg3 Rg8 29.Qe1 Rc7 30.R1b2 Be7
31.Bxe7 Rxe7 32.Qb1 Kf8 33.Rxb7 Rxb7 34.Rxb7 Kg7 35.a4 Re8 36.a5 Qd8 37.Rb6 Qh4
38.Ne2 Nd7 39.Rb7 Nf8 40.a6 Ne6 41.a7 Ra8 42.g3 Qh5 43.Rxf7+ Kxf7 44.Qb7+ Nc7
45.Qxc7+ Kg8 46.Qb8+ Kg7 47.Qb7+  1-0

[Event "Bruchkoebel MT"]
[Site "Bruchkoebel"]
[Date "1993.??.??"]
[Round "2"]
[White "Schmitzer, Klaus"]
[Black "Reschke, Thomas"]
[Result "0-1"]
[WhiteElo "2320"]
[BlackElo "2180"]

1.e4 g6 2.d4 Bg7 3.Nc3 c6 4.Bc4 d6 5.Qf3 e6 6.Nge2 Qe7 7.O-O Nd7 8.Bb3 e5
9.Be3 Ngf6 10.Rad1 O-O 11.a4 exd4 12.Bxd4 Ne5 13.Qf4 Nfg4 14.h3 Bh6 15.Qg3 Nf6
16.f4 Ned7 17.Qf3 Bg7 18.Ng3 b6 19.Rfe1 Bb7 20.e5 Ne8 21.e6 Bxd4+ 22.Kh1 Ne5
23.exf7+ Rxf7 24.Rxd4 c5 25.Nd5 Nxf3 26.Nxe7+ Kf8 27.Bxf7 Nxe1 28.Rd1 Kxe7
29.Bd5 Bxd5 30.Rxe1+ Kd7 31.f5 Nf6 32.Rd1 Kc6 33.fxg6 hxg6 34.Rf1 Nh5 35.Kh2 Re8  0-1

[Event "Bruchkoebel MT"]
[Site "Bruchkoebel"]
[Date "1993.??.??"]
[Round "4"]
[White "Roeberg, Frank"]
[Black "Reschke, Thomas"]
[Result "1-0"]
[WhiteElo "2355"]
[BlackElo "2180"]

1.e4 g6 2.d4 Bg7 3.Nc3 c6 4.Bc4 d6 5.Qf3 e6 6.Bf4 Qe7 7.e5 d5 8.Bd3 Qb4 9.Ne2 Qxb2
10.Rb1 Qa3 11.h4 h5 12.Nb5 Qxa2 13.Nd6+ Kd7 14.Nc3 Qa3 15.Nxd5 Qa5+ 16.Bd2 Qxd5
17.Qxf7+ Ne7 18.Bg5 Bf8 19.Qe8+ Kc7 20.Qxc8+ Nxc8 21.Rxb7+  1-0

[Event "Bucharest"]
[Site "Bucharest"]
[Date "1993.??.??"]
[Round "?"]
[White "Marciano, David"]
[Black "Nevednichy, Vladislav"]
[Result "0-1"]
[WhiteElo "2430"]
[BlackElo "2495"]

1.e4 g6 2.d4 Bg7 3.Nc3 c6 4.Nf3 d6 5.Be3 Nf6 6.h3 O-O 7.a4 Na6 8.Qd2 b6 9.Bh6 c5
10.Bxg7 Kxg7 11.e5 dxe5 12.dxe5 Qxd2+ 13.Nxd2 Nd7 14.f4 Nb4 15.O-O-O Rd8
16.Nde4 Bb7 17.Bc4 Nf8 18.Rhe1 Rd4 19.Rxd4 cxd4 20.Nb5 Rc8 21.b3 d3 22.Nxa7 Rxc4
23.bxc4 Nxc2 24.c5 Nxe1 25.c6 Bxc6 26.Nxc6 Nxg2 27.Nxe7 Nxf4 28.Nf6 N8e6
29.Ned5 Nxh3 30.Ne4 Nhg5 31.Nd2 Nc5 32.Nxb6 h5 33.a5 h4 34.Nbc4 h3 35.Nf1 Nf3
36.Kb2 h2 37.Ng3 Nd4 38.Nh1 g5 39.Nd2 g4 40.Kc3 g3  0-1

[Event "Bucharest schev"]
[Site "Bucharest"]
[Date "1993.??.??"]
[Round "?"]
[White "Vlad, Decebal"]
[Black "Iordachescu, Viorel"]
[Result "0-1"]
[WhiteElo "2405"]
[BlackElo "2305"]

1.e4 g6 2.d4 Bg7 3.Nc3 c6 4.f4 d5 5.e5 Nh6 6.Nf3 f6 7.Bd3 Bg4 8.O-O O-O 9.Ne2 fxe5
10.dxe5 e6 11.h3 Bxf3 12.Rxf3 Nd7 13.c3 Nf5 14.Rf1 Qb6+ 15.Kh1 Ne3 16.Bxe3 Qxe3
17.Qc2 Rf7 18.Rae1 Qb6 19.g3 Raf8 20.Nd4 c5 21.Nf3 c4 22.Bxg6 hxg6 23.Qxg6 Rf5
24.Ng5 Rxg5 25.fxg5 Qc6 26.Kh2 Qb6 27.Kh1 Rf2 28.Rxf2 Qxf2 29.Qxe6+ Kh7 30.Rg1 Qf3+
31.Kh2 Nxe5 32.h4 b5 33.Qe8 Qe2+ 34.Kh1 Qg4 35.Rg2 d4 36.cxd4 Nf3 37.Rh2 Nxh2
38.Kxh2 Qxd4 39.Qh5+ Kg8 40.Qe8+ Bf8 41.Qxb5 a6 42.Qb7 Qf2+ 43.Kh3 Qf5+ 44.Kg2 Qb5
45.Qe4 Qxb2+ 46.Kh3 Qb5 47.Qe6+ Kh8 48.Qf7 Bg7 49.a4 Qc5 50.Qh5+ Kg8 51.Qe8+ Qf8
52.Qe6+ Qf7 53.Qc8+ Kh7 54.Kg4 Qd5 55.h5 Qe4+ 56.Kh3 c3 57.h6 Be5 58.Qd7+ Kg6
59.Qe8+ Kxg5 60.Qg8+ Kxh6 61.Qe6+ Qg6  0-1

[Event "Bucharest schev"]
[Site "Bucharest"]
[Date "1993.??.??"]
[Round "?"]
[White "Barbu, Iulian"]
[Black "Iordachescu, Viorel"]
[Result "0-1"]
[WhiteElo "2285"]
[BlackElo "2305"]

1.e4 g6 2.d4 Bg7 3.Nc3 c6 4.h3 d6 5.Be3 Qb6 6.Rb1 Nf6 7.Nf3 O-O 8.Qd2 Qc7
9.Bh6 e5 10.Bd3 Re8 11.Bxg7 Kxg7 12.O-O Nbd7 13.Rbe1 b5 14.Ne2 a6 15.c3 exd4
16.cxd4 Nxe4 17.Bxe4 Rxe4 18.Ng3 Rxe1 19.Nh5+ gxh5 20.Qg5+ Kh8 21.Rxe1 Bb7
22.Re7 Qd8 23.Nh4 Qg8 24.Qf5 Re8 25.Qxd7 Rxe7 26.Qxe7 Bc8 27.Qxd6 Qe8 28.Qf6+ Kg8
29.Kh2 Qe6 30.Qg5+ Kf8 31.Qxh5 Qxa2 32.Qh6+ Ke8 33.Qxc6+ Bd7 34.Qe4+ Qe6
35.Qxh7 Qd6+ 36.Kg1 Qxd4 37.Qc2 Qxh4 38.Qe2+ Be6 39.Qd2 Qe4 40.b4 Qd5 41.Qf4 Kd7
42.f3 Kc6 43.g4 Qc4 44.Qd2 Bd5 45.f4 Qe4 46.Kh2 Qf3 47.Qc2+ Bc4 48.Qd2 Qe2+
49.Qxe2 Bxe2 50.Kg3 a5  0-1

[Event "Bucharest schev"]
[Site "Bucharest"]
[Date "1993.??.??"]
[Round "?"]
[White "Florescu, Codrut"]
[Black "Barbu, Iulian"]
[Result "1-0"]
[WhiteElo "2280"]
[BlackElo "2285"]

1.d4 g6 2.e4 Bg7 3.Nc3 c6 4.Nf3 d5 5.h3 dxe4 6.Nxe4 Nd7 7.Bd3 Ngf6 8.Nxf6+ Nxf6
9.O-O O-O 10.Re1 Qd6 11.Qe2 Re8 12.Bg5 Bd7 13.Rad1 Rad8 14.c4 c5 15.Bb1 Be6
16.b3 Qc7 17.d5 Bc8 18.Qd2 b5 19.Bf4 Qb6 20.Be5 Ba6 21.Qc3 bxc4 22.bxc4 Qb4
23.Qa1 Bxc4 24.d6 Nh5 25.dxe7 Rc8 26.Bxg7 Nxg7 27.Re4 Qa5 28.Qf6 Be6 29.Ng5 Nh5
30.Qf3 Rxe7 31.Rh4 Qc7  1-0

[Event "Bucharest CCS (Women)"]
[Site "Bucharest"]
[Date "1993.??.??"]
[Round "2"]
[White "Duminica, Mariana"]
[Black "Stanciu, Gabriela"]
[Result "0-1"]
[WhiteElo "2130"]
[BlackElo "2245"]

1.e4 g6 2.d4 Bg7 3.Nc3 c6 4.f4 d5 5.e5 Nh6 6.Be2 f6 7.Be3 O-O 8.g4 fxe5 9.fxe5 c5
10.dxc5 e6 11.Qd2 Qh4+ 12.Kd1 Nxg4 13.Nf3 Nxe3+ 14.Qxe3 Qh3 15.Nb5 Nc6 16.Qc3 Nxe5
17.Nfd4 Qg2 18.Re1 Nc6 19.Bf3 Qf2 20.Re2 Qg1+ 21.Re1 Bxd4 22.Rxg1 Bxc3 23.Bg2 Bxb2
24.Rb1 Be5 25.c4 dxc4 26.Re1 Bxh2 27.Rb2 Bg3 28.Re3 a6  0-1

[Event "Bucharest (Women)"]
[Site "Bucharest"]
[Date "1993.??.??"]
[Round "8"]
[White "Sasu Ducsoara, Andrea"]
[Black "Ionescu Brandis, Irina"]
[Result "0-1"]
[WhiteElo "2070"]
[BlackElo "2185"]

1.e4 g6 2.d4 Bg7 3.Nc3 c6 4.Be3 d5 5.Nge2 Nf6 6.e5 Ng4 7.Qd2 Nxe3 8.Qxe3 Na6
9.f4 O-O 10.Ng3 f6 11.h4 Bh6 12.h5 fxe5 13.hxg6 Rxf4 14.Qf2 hxg6 15.Bd3 Qd6
16.Nge4 dxe4 17.Bc4+ Be6 18.Bxe6+ Qxe6 19.Qh4 Kf7 20.dxe5 Qxe5 21.Rf1 Ke8
22.Ne2 Bg5 23.Qh7 Rxf1+ 24.Kxf1 Kd7 25.Rd1+ Kc7 26.Qxg6 Rf8+ 27.Ke1  0-1